Manipulátor laboratórnych skúmaviek

Guardado en:
Detalles Bibliográficos
Autor principal: Džadoň, Marek (Autor)
Otros Autores: Juhás, Martin (Orientador)
Formato: Manuscrito Libro
Lenguaje:eslovaco
Publicado: 2016
Materias:
Acceso en línea:http://is.stuba.sk/zp/portal_zp.pl?podrobnosti=107653
Etiquetas: Agregar Etiqueta
Sin Etiquetas, Sea el primero en etiquetar este registro!

MARC

LEADER 00000ntm a22000003a 4500
001 stuzp59036
003 SK-STU
005 20160719155738.6
007 ta
008 150427s2015----xo-----f-mn---000-0-slo-d
040 |a STU  |b slo 
041 0 |a slo 
100 1 |a Džadoň, Marek  |u 020020  |k Z4  |4 aut  |U SjF Strojnícka fakulta  |T SjF Ústav automatizácie, merania a aplikovanej informatiky  |X 8072  |U J0020  |Y 802  |7 A000008072 
242 0 1 |a A manipulator of laboratory test-tubes  |y eng 
245 1 0 |a Manipulátor laboratórnych skúmaviek 
260 |c 2016 
650 4 |a manipulátor  |2 slo 
650 4 |a lineárna remeňová os  |2 slo 
650 4 |a PLC  |2 slo 
650 4 |a S7 1200  |2 slo 
650 4 |a TIA Portal  |2 slo 
650 4 |a riadenie pohybu  |2 slo 
650 4 |a pulzný výstup  |2 slo 
650 4 |a manipulator  |2 eng 
650 4 |a linear belt drive  |2 eng 
650 4 |a PLC  |2 eng 
650 4 |a S7 1200  |2 eng 
650 4 |a TIA Portal  |2 eng 
650 4 |a Motion Control  |2 eng 
650 4 |a Pulse Output  |2 eng 
700 1 |a Juhás, Martin  |u 020020  |k Z1  |4 ths  |U SjF Strojnícka fakulta  |T SjF Ústav automatizácie, merania a aplikovanej informatiky  |X 2316  |U J0020  |Y 802  |7 A000002316 
856 4 |u http://is.stuba.sk/zp/portal_zp.pl?podrobnosti=107653 
996 |b 284J044027  |c J* 2317/DP  |l JJSK  |s A  |a 24  |w stuzp59036_0001 
SQL |a stuzp59036  |b DDP  |c SLO  |d Manipulátor laboratórnych skúmaviek  |e 8072  |f Džadoň, Marek  |g 020020  |h 2316  |i Juhás, Martin  |j 20160616  |k 51  |l 02  |m http://is.stuba.sk/zp/portal_zp.pl?podrobnosti=107653  |n I-AISP  |o 5.2.14. automatizácia